MARC

LEADER 00000nam0a2200000 4500
001 128398
005 20231101220119.0
010 |a 5723500252 
010 |a 5-7235-0029-5 
035 |a (RuTPU)RU\TPU\book\138886 
090 |a 128398 
100 |a 20071227d1993 m y0rusy50 ca 
101 1 |a rus  |c fre 
102 |a RU 
105 |a y z 000ay 
200 1 |a Сочинения  |e В 5 т.   |h Т. 4. Три Дюма  |f А. Моруа  |g пер. с фр. Л. Г. Беспалова ; С. Е. Шлапоберская 
210 |a Москва  |c Лексика  |d 1993 
215 |a 349 с. 
225 1 |a Классики русской и зарубежной литературы 
600 1 |a Дюма (Дюма-отец)  |b А.  |c французский писатель  |f 1802-1870  |g Александр  |2 stltpush  |3 (RuTPU)RU\TPU\pers\10154  |9 2200 
600 1 |a Дюма (Дюма-сын)  |b А.  |c французский писатель  |f 1824-1895  |g Александр  |2 stltpush  |3 (RuTPU)RU\TPU\pers\10155  |9 2201 
600 1 |a Дюма  |b Т.-А.  |c французский генерал  |c маркиз Дави де ля Пайетри  |f 1762-1806  |g Тома-Александр  |c отец и дед писателей Дюма  |2 stltpush  |3 (RuTPU)RU\TPU\pers\14034 
610 1 |a французская литература 
610 1 |a романы 
675 |a 84  |v 3 
700 1 |a Моруа  |b А.  |c французский писатель  |c настоящее имя Эмиль Эрзог  |f 1885-1967  |g Андре  |2 stltpush  |3 (RuTPU)RU\TPU\pers\46431  |4 070  |9 22107 
702 1 |a Беспалова  |b Л. Г.  |4 730 
702 1 |a Шлапоберская  |b С. Е.  |4 730 
801 1 |a RU  |b 63413507  |c 20071227  |g PSBO 
801 2 |a RU  |b 63413507  |c 20200529  |g PSBO 
942 |c BK